| 000 | 00341nam a22001337a 4500 | ||
|---|---|---|---|
| 008 | 180118b xxu||||| |||| 00| 0 eng d | ||
| 020 | _a9780314175977 | ||
| 041 | _aeng | ||
| 080 | _a34 | ||
| 100 | _a14 | ||
| 101 | _aJUR | ||
| 245 |
_aFederal income taxation of individuals: cases, problems and materials _cDonaldson,S.A |
||
| 942 |
_2udc _cBK |
||
| 999 |
_c40492 _d40492 |
||